Countries that use the Dollar - Statistics

General Stats
  • This quiz has been taken 71 times
  • The average score is 16 of 24
Answer Stats
Country % Correct
United States
100%
Canada
98%
Australia
93%
New Zealand
92%
Barbados
78%
St. Kitts and Nevis
78%
Antigua and Barbuda
77%
Bahamas
77%
Fiji
77%
St. Lucia
75%
Dominica
73%
Grenada
72%
Singapore
72%
St. Vincent and the Grenadines
72%
Trinidad and Tobago
70%
Jamaica
68%
Solomon Islands
60%
Belize
58%
Guyana
52%
Suriname
47%
Liberia
43%
Brunei
38%
Zimbabwe
37%
Namibia
27%
No matching quizzes found
Score Distribution
Percent of People with Each Score
Percentile by Number Answered
Your Score History
You have not taken this quiz